Immersive Sim Video Games - Statistics

General Stats
  • This quiz has been taken 12 times
  • The average score is 8 of 16
Answer Stats
Picture Answer % Correct
BioShock
100%
Dishonored
78%
Dishonored 2
67%
System Shock (2023)
67%
We Happy Few
67%
Bioshock Infinite
56%
Deus Ex
56%
Thief: The Dark Project
56%
Prey
44%
Thief II: The Metal Age
44%
Deathloop
33%
Deus Ex: Human Revolution
33%
System Shock 2
33%
Gloomwood
22%
Ultima Underworld: The Stigyan Abyss
22%
Industria
0%
No matching quizzes found
Score Distribution
Percent of People with Each Score
Percentile by Number Answered
Your Score History
You have not taken this quiz